| 000 | 00679nam a2200181Ia 4500 | ||
|---|---|---|---|
| 008 | 090630s9999 xx 000 0 und d | ||
| 082 | _b22395 | ||
| 100 | _aहुद्दार मधुकर. | ||
| 245 |
_aकोरल केव्हाच रहस्य. _cहुद्दार मधुकर. |
||
| 260 |
_bगीता एजन्सीज. _c2003 |
||
| 300 | _a182 | ||
| 600 | _aहुद्दार मधुकर. | ||
| 630 | _aकोरल केव्हाच रहस्य. | ||
| 655 | _aकादंबरी. | ||
| 700 | _aहुद्दार मधुकर. | ||
| 730 | _aकोरल केव्हाच रहस्य. | ||
| 942 | _cBOOK | ||
| 999 |
_c274251 _d274251 |
||